| 000 | 00897nas a2200277 4500 | ||
|---|---|---|---|
| 001 | BR9500680 | ||
| 003 | BR-BrBNA | ||
| 005 | 20231205093833.0 | ||
| 007 | ta | ||
| 008 | 230509b bl.|||p| |||| 00| 00por d | ||
| 040 |
_aBR-BrBNA _bpor _cBiblioteca Nacional de Agricultura |
||
| 041 | _a(Pt) | ||
| 072 | _aQ02 | ||
| 100 | 1 | _aRossi Junior, O.D. | |
| 100 | 1 | _aSantos, I.F. | |
| 100 | 1 | _aNader Filho, A. | |
| 100 | 1 | _aSchocken-Iturrino, R.P. | |
| 245 | 1 | _aEstudo microbiologico do sangue e plasma bovino, obtidos em matadouro, utilizados na elaboracao de produtos comestiveis | |
| 650 | _aBovino | ||
| 650 | _aSangue | ||
| 650 | _aPlasma | ||
| 650 | _aProduto de Origem Animal | ||
| 773 | 0 |
_tArquivo Brasileiro de Medicina Veterinaria e Zootecnia (Brazil) _xISSN 0101-0935 _g(Feb 1994), v. 46(1) p. 31-39 _wBR9500680 |
|
| 909 |
_a202311 _bLúcia _c55 _dLúcia Elande |
||
| 942 |
_2AGRIS _n0 _cANA |
||
| 999 |
_c140649 _d140649 |
||